00361nam a22001337a 450000500170000000800410001704100120005808200130007010000120008324500400009526000370013530000300017265000250020220240827123450.0240827b |||||||| |||| 00| 0 eng d aEnglish a349 LAW  lEnglish aThe Laws of South West Africa 1961  aWindhoek: bBy Authority, c1961 bcvii, 711 pages; c25 cm. aLegal practice bLaw